[Event "IV Festival A"]
[Site "Salsomaggiore Terme ITA"]
[Date "2000.05.14"]
[Round "6"]
[White "Aleksic, Nenad"]
[Black "Mione, Dario"]
[Result "1-0"]
[WhiteElo "2405"]
[BlackElo "2290"]
[PlyCount "115"]
[EventDate "2000.05.11"]

1. e4 e6 2. Nf3 d5 3. Nc3 d4 4. Ne2 c5 5. c3 Nf6 6. Ng3 Nc6 7. Bb5 Bd7 8. Qe2
a6 9. Bxc6 Bxc6 10. d3 Be7 11. O-O O-O 12. cxd4 cxd4 13. Bf4 Qb6 14. Rfc1 Rfd8
15. Ne5 Rac8 16. h3 Bb5 17. Rc2 Rxc2 18. Qxc2 Qc5 19. Qe2 Nd7 20. Rc1 Qd6 21.
Ng6 e5 22. Nf5 hxg6 23. Nxd6 Bxd6 24. Bg3 Nc5 25. Rd1 a5 26. f3 b6 27. Be1 f6
28. b4 axb4 29. Bxb4 Na4 30. Rb1 Bxb4 31. Rxb4 Nc3 32. Qc2 Kh7 33. a4 Be8 34.
Qb3 Bxa4 35. Rxa4 Nxa4 36. Qxa4 g5 37. Qc6 Rb8 38. Qc7 Ra8 39. Qxb6 Ra3 40. Qb5
Rc3 41. Kh2 Rc2 42. Kg3 Rd2 43. Qb3 Re2 44. Qd1 Ra2 45. Qf1 Ra8 46. Kg4 Kg6 47.
Qb1 Rh8 48. g3 Rf8 49. Qb4 Rc8 50. Qb5 Rd8 51. Qb7 Rh8 52. Qd7 Rh6 53. h4 gxh4
54. gxh4 Kh7 55. h5 Kg8 56. f4 Kh7 57. fxe5 fxe5 58. Qf5+ 1-0

[Event "IV Festival A"]
[Site "Salsomaggiore Terme ITA"]
[Date "2000.05.14"]
[Round "6"]
[White "Bemporad, Filippo"]
[Black "Oppici, Gabriele"]
[Result "1-0"]
[WhiteElo "2110"]
[BlackElo "2056"]
[PlyCount "95"]
[EventDate "2000.05.11"]

1. d4 Nc6 2. Nf3 d6 3. c4 Bg4 4. Nc3 Nf6 5. d5 Bxf3 6. exf3 Ne5 7. f4 Ned7 8.
Be2 e6 9. dxe6 fxe6 10. O-O Be7 11. Bf3 Qc8 12. Qe2 e5 13. Bd5 c6 14. Be6 Qc7
15. fxe5 dxe5 16. f4 Qd6 17. Bxd7+ Nxd7 18. Be3 O-O 19. Rad1 Qc7 20. Qg4 Nc5
21. b4 exf4 22. Bxc5 Bxc5+ 23. bxc5 Qe5 24. Na4 b5 25. cxb6 axb6 26. Nxb6 Qc5+
27. Kh1 Qxb6 28. Rxf4 Rxf4 29. Qxf4 Rf8 30. Qe4 Qf2 31. h3 Qxa2 32. Qxc6 Qe2
33. Qd5+ Kh8 34. c5 Rf1+ 35. Rxf1 Qxf1+ 36. Kh2 Qf4+ 37. g3 Qf2+ 38. Qg2 Qf8
39. c6 h6 40. c7 Qc8 41. Qc6 Kh7 42. Qe4+ Kh8 43. Qc6 Kh7 44. g4 h5 45. Qe4+
Kh6 46. Qf4+ g5 47. Qf6+ Kh7 48. Qf5+ 1-0

[Event "IV Festival A"]
[Site "Salsomaggiore Terme ITA"]
[Date "2000.05.14"]
[Round "6"]
[White "Bosio, Devis"]
[Black "Raineri, Valerio"]
[Result "0-1"]
[WhiteElo "2131"]
[BlackElo "1981"]
[PlyCount "64"]
[EventDate "2000.05.11"]

1. e4 e5 2. Nf3 Nc6 3. Bb5 a6 4. Bxc6 dxc6 5. O-O Bd6 6. Na3 b5 7. c4 Bg4 8. b3
Ne7 9. Bb2 Ng6 10. Nc2 Qf6 11. h3 Bxf3 12. Qxf3 Qxf3 13. gxf3 Nh4 14. Rfd1
Nxf3+ 15. Kg2 Nh4+ 16. Kg3 Ng6 17. d4 f6 18. dxe5 fxe5 19. Ne3 Be7 20. Nf5 Bf6
21. Ba3 Rd8 22. Rdc1 Rd3+ 23. f3 Nf4 24. Rc2 Kd7 25. Bc1 Kc8 26. Rb1 Rd1 27.
Ne3 Rh1 28. Rh2 Bh4+ 29. Kxh4 Rxh2 30. Nf5 Rxh3+ 31. Kg4 h5+ 32. Kg5 Rxf3 0-1

[Event "IV Festival A"]
[Site "Salsomaggiore Terme ITA"]
[Date "2000.05.14"]
[Round "6"]
[White "Contin, Daniel"]
[Black "De Santis, Alessio"]
[Result "1-0"]
[WhiteElo "2391"]
[BlackElo "2309"]
[PlyCount "107"]
[EventDate "2000.05.11"]

1. c4 e5 2. Nc3 Bb4 3. Qb3 Nc6 4. Nf3 a5 5. a3 Bc5 6. e3 d6 7. Be2 Nge7 8. O-O
O-O 9. Rd1 Nf5 10. d3 Bd7 11. Bd2 a4 12. Qc2 Na5 13. Nxa4 Nb3 14. Nxc5 Nxa1 15.
Rxa1 dxc5 16. Nxe5 Bc8 17. Nf3 Re8 18. Bf1 Ra6 19. Qc3 Nh4 20. Nxh4 Qxh4 21. e4
Rg6 22. Re1 h5 23. b4 cxb4 24. axb4 Qg4 25. Re3 h4 26. h3 Qd1 27. d4 Ree6 28.
Re1 Qa4 29. b5 Qa8 30. d5 Re8 31. Bf4 Bd7 32. Kh1 c6 33. Bd3 Qc8 34. e5 Bf5 35.
Qc2 Bxd3 36. Qxd3 cxd5 37. cxd5 Qd7 38. Rb1 Rd8 39. d6 Rc8 40. Bh2 Re6 41. f4
g6 42. Bg1 Ree8 43. Bf2 g5 44. Qd4 Rc2 45. Rd1 Rec8 46. fxg5 R8c4 47. Qd5 R4c3
48. Kg1 Qf5 49. Bxh4 Rc5 50. Qd3 Qd7 51. e6 fxe6 52. Qg6+ Kh8 53. Qh6+ Kg8 54.
g6 1-0

[Event "IV Festival A"]
[Site "Salsomaggiore Terme ITA"]
[Date "2000.05.14"]
[Round "6"]
[White "Everet, Alexandro"]
[Black "Vivo, Mario"]
[Result "0-1"]
[WhiteElo "2357"]
[BlackElo "2095"]
[PlyCount "108"]
[EventDate "2000.05.11"]

1. d4 Nf6 2. c4 g6 3. Nc3 d5 4. e3 Bg7 5. Nf3 O-O 6. Be2 c5 7. dxc5 Be6 8. Nd4
Nc6 9. Nxe6 fxe6 10. O-O d4 11. exd4 Nxd4 12. Be3 Nf5 13. Qc1 Qc8 14. Rb1 a5
15. b3 Nd7 16. Na4 Qc7 17. Rd1 Rad8 18. Bg4 Be5 19. h3 Nf6 20. Rxd8 Rxd8 21.
Qe1 Rd3 22. Qe2 Rxe3 23. Qd2 Ne4 24. Qc2 Bh2+ 25. Kh1 Nxf2+ 26. Qxf2 Ng3+ 27.
Kxh2 Ne4+ 28. Kg1 Nxf2 29. Kxf2 Qg3+ 30. Kf1 h5 31. Bf3 Rxf3+ 32. gxf3 Qxf3+
33. Kg1 Qe3+ 34. Kh2 Qf4+ 35. Kg1 Qg3+ 36. Kh1 Qxh3+ 37. Kg1 Qg4+ 38. Kh2 Qf4+
39. Kg1 Qg3+ 40. Kh1 h4 41. Rb2 h3 42. a3 g5 43. b4 axb4 44. axb4 Qa3 45. b5
Qxa4 46. Kh2 Qxc4 47. c6 b6 48. Rf2 g4 49. Kg3 Qxb5 50. Kxg4 Qxc6 51. Kxh3 b5
52. Kg3 b4 53. Kf4 b3 54. Rb2 Qc1+ 0-1

[Event "IV Festival A"]
[Site "Salsomaggiore Terme ITA"]
[Date "2000.05.14"]
[Round "6"]
[White "Jurkovic, Ante"]
[Black "Bertagnolli, Alexander"]
[Result "1-0"]
[WhiteElo "2326"]
[BlackElo "2191"]
[PlyCount "49"]
[EventDate "2000.05.11"]

1. Nf3 g6 2. e4 c6 3. d4 Bg7 4. Bd3 d5 5. c3 dxe4 6. Bxe4 Nf6 7. Bc2 O-O 8. O-O
Na6 9. Re1 c5 10. Bg5 Bg4 11. dxc5 Qc7 12. Nbd2 Nxc5 13. h3 Bf5 14. Bxf5 gxf5
15. Qe2 e6 16. Qc4 Qd6 17. Rad1 Nd5 18. Qh4 f6 19. Be3 Nxe3 20. Rxe3 f4 21.
Ree1 Rad8 22. Ne4 Qxd1 23. Nxc5 Qc2 24. Nxe6 Qxb2 25. Qg4 1-0

[Event "IV Festival A"]
[Site "Salsomaggiore Terme ITA"]
[Date "2000.05.14"]
[Round "6"]
[White "Loncar, Robert"]
[Black "Farago, Ivan"]
[Result "1/2-1/2"]
[WhiteElo "2406"]
[BlackElo "2467"]
[PlyCount "21"]
[EventDate "2000.05.11"]

1. Nf3 Nf6 2. c4 c5 3. Nc3 Nc6 4. d4 cxd4 5. Nxd4 e6 6. a3 Bc5 7. Nb3 Be7 8. e4
b6 9. Be2 Ba6 10. Be3 Bc8 11. f4 1/2-1/2

[Event "IV Festival A"]
[Site "Salsomaggiore Terme ITA"]
[Date "2000.05.14"]
[Round "6"]
[White "Pipitone, Antonio"]
[Black "Giretti Kanev, Jasen"]
[Result "1/2-1/2"]
[WhiteElo "2037"]
[BlackElo "2155"]
[PlyCount "56"]
[EventDate "2000.05.11"]

1. e4 c5 2. Nf3 e6 3. d4 cxd4 4. Nxd4 Nc6 5. Nc3 a6 6. Be3 Nge7 7. Be2 Nxd4 8.
Qxd4 Nc6 9. Qd2 Bb4 10. a3 Qa5 11. O-O Bxc3 12. Qxc3 Qxc3 13. bxc3 O-O 14. Bc5
Re8 15. f4 Ne7 16. Rfd1 Ng6 17. Bd6 b5 18. g3 Bb7 19. Bd3 Rac8 20. Bb4 Ne7 21.
a4 bxa4 22. Rxa4 Nc6 23. Bxa6 Bxa6 24. Rxa6 Nxb4 25. cxb4 Rxc2 26. Rxd7 Rb2 27.
Raa7 Rc8 28. Rac7 Ra8 1/2-1/2

[Event "IV Festival A"]
[Site "Salsomaggiore Terme ITA"]
[Date "2000.05.14"]
[Round "6"]
[White "Scalcione, Michelangelo"]
[Black "Pernigotti, Carlo"]
[Result "1-0"]
[WhiteElo "2183"]
[BlackElo "2203"]
[PlyCount "96"]
[EventDate "2000.05.11"]

1. Nf3 f5 2. c4 Nf6 3. g3 g6 4. Bg2 Bg7 5. O-O O-O 6. Nc3 d6 7. d4 Qe8 8. d5
Na6 9. Rb1 Nc5 10. Nb5 Qd8 11. b4 Nce4 12. Qb3 Bd7 13. Nbd4 Qe8 14. Ba3 e5 15.
dxe6 Bxe6 16. Nxe6 Qxe6 17. Nd4 Qf7 18. Qd3 Ng4 19. Nf3 Rad8 20. Rbd1 c6 21. h3
Ngf6 22. Bb2 h6 23. a3 Kh7 24. Bd4 Qc7 25. Nh4 Rfe8 26. g4 fxg4 27. Bxf6 Nxf6
28. Qxg6+ Kh8 29. hxg4 Rxe2 30. Rd3 Rde8 31. Nf5 R8e6 32. Nd4 R6e5 33. Rh3 Re1
34. Nf5 Rxf1+ 35. Bxf1 Rxf5 36. Qxf5 Kg8 37. Re3 Qd7 38. Qxd7 Nxd7 39. Re7 Ne5
40. Rxb7 Nxg4 41. Bh3 Ne5 42. Be6+ Kf8 43. Rxa7 Nf3+ 44. Kg2 Nd4 45. Bg4 Be5
46. a4 Nc2 47. b5 cxb5 48. axb5 Bd4 1-0

[Event "IV Festival A"]
[Site "Salsomaggiore Terme ITA"]
[Date "2000.05.14"]
[Round "6"]
[White "Tagliagambe, Stefano"]
[Black "Tortora, Franco"]
[Result "1/2-1/2"]
[WhiteElo "1900"]
[BlackElo "1801"]
[PlyCount "30"]
[EventDate "2000.05.11"]

1. e4 e6 2. d4 d5 3. Nc3 Be7 4. Nf3 Nf6 5. e5 Nfd7 6. Ne2 c5 7. c3 Nc6 8. a3 c4
9. Nf4 Na5 10. Be3 Nb3 11. Rb1 Nb6 12. Nd2 Bd7 13. Nxb3 Ba4 14. Qg4 Bxb3 15.
Qxg7 Rf8 1/2-1/2